Statistiken für Mannschaften in der Frauen Fußballbundesliga

Klicken Sie hier um das Quiz zu spielen!

Allgemein

  • Dieses Quiz wurde 443 mal gespielt
  • Das Durchschnittsergebnis liegt bei 9 aus 12

Antwortstatistiken

Verein% Korrekt
Bayern München
99%
VfL Wolfsburg
99%
Eintracht Frankfurt
87%
1. FFC Turbine Potsdam
82%
Werder Bremen
73%
Bayer 04 Leverkusen
72%
TSG Hoffenheim
71%
SC Freiburg
70%
SGS Essen
66%
MSV Duisburg
56%
SC Sand
52%
SV Meppen
42%

Verteilung der Resultate

Perzentil nach korrekt beantworteten Fragen

Anzahl Personen mit jedem Resultat

Ihre Resultats-Entwicklung

Sie haben dieses Quiz noch nicht gespielt